000 00341nam a2200121Ia 4500
008 240731s9999 xx 000 0 und d
022 _a1558-0903
245 0 _aStatutes & Decisions : The Laws of the USSR and Its Successor States
260 _bRoutledge
856 _uhttps://www.tandfonline.com/loi/mrsd20
942 _2ddc
942 _cTFEJ
999 _c79546
_d79546
945 _a1
_bMadushi Gamage
_c1
_dMadushi Gamage